|
|
|
|
| LEADER |
00000nam0a2200000 4500 |
| 001 |
219717 |
| 005 |
20231101230258.0 |
| 010 |
|
|
|a 9785811414024
|
| 035 |
|
|
|a (RuTPU)RU\TPU\book\239805
|
| 090 |
|
|
|a 219717
|
| 100 |
|
|
|a 20120713d2012 m y0rusy50 ca
|
| 101 |
0 |
|
|a rus
|
| 102 |
|
|
|a RU
|
| 105 |
|
|
|a a j 001zy
|
| 200 |
1 |
|
|a Физическая химия
|e учебное пособие
|f Б. Н. Афанасьев, Ю. П. Акулова
|
| 210 |
|
|
|a Санкт-Петербург
|c Лань
|d 2012
|
| 215 |
|
|
|a 464 с.
|c ил.
|
| 225 |
1 |
|
|a Учебники для вузов. Специальная литература
|
| 320 |
|
|
|a Библиогр.: с. 458.
|
| 330 |
|
|
|a Изложены основные понятия, экспериментальные и теоретические методы, используемые в физической химии при изучении строения молекул, химических равновесий и кинетики химических реакций. Учебное пособие предназначено для бакалавров, магистров, специалистов, обучающихся в химических вузах на дневной, вечерней и заочной формах обучения, а также может быть полезно для аспирантов, научных сотрудников и инженеров.
|
| 606 |
1 |
|
|a Физическая химия
|2 stltpush
|3 (RuTPU)RU\TPU\subj\67669
|9 83390
|
| 610 |
1 |
|
|a химическая связь
|
| 610 |
1 |
|
|a молекулы
|
| 610 |
1 |
|
|a электрические свойства
|
| 610 |
1 |
|
|a молекулярные спектры
|
| 610 |
1 |
|
|a межчастичные взаимодействия
|
| 610 |
1 |
|
|a термохимия
|
| 610 |
1 |
|
|a химическое равновесие
|
| 610 |
1 |
|
|a статистическая термодинамика
|
| 610 |
1 |
|
|a фазовое равновесие
|
| 610 |
1 |
|
|a неэлектролиты
|
| 610 |
1 |
|
|a неидеальные растворы
|
| 610 |
1 |
|
|a электролиты
|
| 610 |
1 |
|
|a электродные процессы
|
| 610 |
1 |
|
|a феноменологическая кинетика
|
| 610 |
1 |
|
|a химические реакции
|
| 610 |
1 |
|
|a электрохимические процессы
|
| 610 |
1 |
|
|a электрохимическая коррозия
|
| 610 |
1 |
|
|a катализ
|
| 610 |
1 |
|
|a неравновесная термодинамика
|
| 610 |
1 |
|
|a учебные пособия
|
| 675 |
|
|
|a 544(075.8)
|v 3
|
| 700 |
|
1 |
|a Афанасьев
|b Б. Н.
|g Борис Николаевич
|
| 701 |
|
1 |
|a Акулова
|b Ю. П.
|g Юлия Петровна
|
| 801 |
|
1 |
|a RU
|b 63413507
|c 20120713
|
| 801 |
|
2 |
|a RU
|b 63413507
|c 20160803
|g RCR
|
| 900 |
|
|
|a Физическая химия
|
| 942 |
|
|
|c BK
|
| 951 |
|
|
|b 240100
|b 240700
|b 241000
|
| 959 |
|
|
|a 105/20120712
|d 5
|e 694,98
|f ЧЗТЛ:1
|f АНЛ:1
|f УФ:3
|